000 00769nam a2200253 a 4500
001 BRCA_4549
005 20190320204719.0
008 220910s1950----u--a######---#000-0#eng-#
041 _aeng
044 _au
050 4 _aNK112
_b.M32 2
_c1950
100 1 _aMcClinton, Katharine Morrison
_911489
245 1 0 _aAmerican Glass
_cKatharine Morrison McClinton.
260 _aEstados Unidos de América
_bThe World Publishing Company
_c1950
300 _a64 p.
_bil. (algunas a color)
_c20 cm.
440 0 _aThe American arts library
_v1585
_911519
500 _aIncluye índice de ilustraciones
500 _aEjemplar igual a D7
500 _aF66
504 _aBibliografía: p. 64
650 1 4 _aCristalería
_zEstados Unidos
_92701
902 _aGFM
942 _2lcc
_cB
999 _c4255
_d4255